MDQL
is popping MORE tags! Check the
thread
!
Quizzes
Events
Quiz Creation
Community
Videos
Private Events
Remove Ads
Sign In
Join for FREE
Feedback
Dark Mode
Quiz Categories
Sports
Geography
Music
Movies
Television
Just For Fun
Miscellaneous
History
Literature
Language
Science
Gaming
Entertainment
Religion
Holiday
For Kids
Quiz Lab
Recent
Popular Today
Quiz Kudos Today
Editor Picks
Curator Picks
Quizzes by...
Day
Popularity
Type
Ratings
Length
Year
Community
Subscriptions
Recent Discussions
Orange Saloon
Badges
Playlists
Quests
Create
Leaderboards
Showdown
Live 5
Trivia Bingo
Activity
Puzzle Library
Sporcle Events
Private Events
Virtual Trivia
Globe League
Become a Host
Pub Owners
SporcleCon
Opinionation
Our Games
Videos
Blog
Mobile Apps
Partnerships
Remove Ads and Go Orange
Feedback
Literature
Harry Potter
A Song of Ice and Fire
The Hunger Games
Literary Character
Shakespeare
Book
Author
Novel
Poem
Young Adult
Children's Books
Play
Lord of the Rings
Literature
Harry Potter
A Song of Ice and Fire
The Hunger Games
Literary Character
Shakespeare
Book
Author
Novel
Poem
Young Adult
Children's Books
Play
Lord of the Rings
Random Quiz
Search Sporcle
×
Quiz Lab
Quiz Lab
Literature
Novel
Type in answers that appear in a list
Type in answers that appear in a list
Classic
Best Score? Go Orange.
Man Booker Prize Winning Novels Stats
Can you name the Man Booker Prize winning novel of each auther?
By
CGl
7m
43 Questions
124 Plays
124 Plays
124 Plays
Comments
Comments
Give Quiz Kudos
Give Quiz Kudos
-
- Ratings
hide this ad
Forced Order
Answers have to be entered in order
Answers have to be entered in order
Replay
Link that replays current quiz
Next Quiz
Link to next quiz in quiz playlist
You Got
0%
They Got
Avg Score
47%
Avg Friend Score
Upgrade to see
Score Distribution
Jump to the score distribution portion of the page
Score
0/43
Timer
07:00
0
Plays Today
Booker Prize Winning Author
Novel
% Correct
Salman Rushdie
Midnight's Children
88.7%
Yann Martel
Life of Pi
78.2%
Kazuo Ishiguro
The Remains of the Day
74.2%
Michael Ondaatje
The English Patient
71%
Iris Murdoch
The Sea, the Sea
66.1%
Roddy Doyle
Paddy Clarke Ha Ha Ha
66.1%
Ian McEwan
Amsterdam
66.1%
John Banville
The Sea
64.5%
Arundhati Roy
The God of Small Things
63.7%
Hilary Mantel
Wolf Hall
62.9%
Thomas Keneally
Schindler's Ark
60.5%
J.M. Coetzee
Disgrace
58.1%
Margaret Atwood
The Blind Assassin
58.1%
Aravind Adiga
The White Tiger
57.3%
Peter Carey
Oscar and Lucinda
51.6%
DBC Pierre
Vernon God Little
49.2%
John Berger
G.
48.4%
Peter Carey
The True History of the Kelly Gang
46%
Anita Brookner
Hotel du Lac
44.4%
Graham Swift
Last Orders
43.5%
Alan Hollinghurst
The Line of Beauty
43.5%
V. S. Naipaul
In a Free State
42.7%
Booker Prize Winning Author
Novel
% Correct
James Kelman
How Late It Was, How Late
42.7%
Pat Barker
The Ghost Road
42.7%
William Golding
Rites of Passage
41.1%
Kingsley Amis
The Old Devils
41.1%
Penelope Lively
Moon Tiger
41.1%
J.M. Coetzee
The Life and Times of Michael K
40.3%
Keri Hulme
The Bone People
40.3%
Kiran Desai
The Inheritance of Loss
39.5%
Nadine Gordimer
The Conservationist
38.7%
Ben Okri
Famished Road
38.7%
Anne Enright
The Gathering
37.1%
Bernice Rubens
The Elected Member
34.7%
Paul Scott
Staying On
34.7%
Stanley Middleton
Holiday
33.9%
Ruth Prawer
Heat and Dust
33.1%
P. H. Newby
Something to Answer For
31.5%
David Storey
Saville
30.6%
Penelope Fitzgerald
Offshore
29.8%
Barry Unsworth
Sacred Hunger
29.8%
A. S. Byatt
Possession: A Romance
27.4%
J. G. Farrell
The Seige of Krishnapur
22.6%
Quiz Playlist
Details
Report
Send in Message
Add To Playlist
Classic:
Type in answers that appear in a list
Forced Order:
Answers have to be entered in order
Last Updated: Feb 16, 2017
Quiz Scoreboard
CHALLENGE
Sign Up to Join the Scoreboard
Show All
Scores
Hide
Comments
May contain spoilers
Recently Published
Colored Red Africa Blitz
by spor1
Geography
30s
Find the 'City' Movie
by crazypaving
Movies
60s
5x2 Blitz: Bands
by SL_Kpop136
Music
30s
More to Explore
Quiz From the Vault
Featured Blog Post
14 Easter Pick-up Lines to Find Eggs With
hide this ad
You Might Also Like...
Tags
Author Quiz
Novel Quiz
Booker
Man
Prize
Winning
Today's Top Quizzes in Literature
Browse Literature
hide this ad
Today's Top Quizzes in Novel
Browse Novel
Top Contributed Quizzes in Literature
1
Sneaky Slytherin Logic Puzzle
2
Harry Potter Slytherin Logic Puzzle
3
Get The Picture: Black or White Literature
4
Logic Puzzle: Avoid Dumbledore's Army
5
Mini Trivia Sudoku: A Song of Ice and Fire
6
A Song of Ice and Fire Logic Puzzle
7
One Thing in Common: Literature II
8
Books By Opening Lines IV
9
The Hunger Games Logic Puzzle: Find Katniss
10
Silmarillion Characters by Any 3 Letters
Explore More
Trending Topics
Kpop
Anime
Crossword
Disney
Marvel
NBA
Harry Potter
Soccer
NFL
Pokémon
Country
Puzzle
Song
WWE
The Office
hide this ad
More By:
CGl
Quiz
Plays
Rating
Category
Featured
Created
Countries Formerly Known As
3,614
3.66
Geography
Oct 26, 2009
British Monarch's Spouses
964
4.67
History
Oct 26, 2009
Royal Family
717
2.86
History
Feb 23, 2010
Defunct Countries
707
4.21
Geography
Oct 31, 2009
Single Syllable Countries
631
4.25
Geography
Oct 25, 2009
Go to Creator's Profile
Score Distribution
Quiz Creator Spotlight
CGl
Follow
Send a Message
Quizzes Created
-
Created Quiz Play Count
-
More By This Creator
Popular Quizzes Today
1
Colored Red Africa Blitz
2
Find the 'City' Movie
3
5x2 Blitz: Bands
4
Find the US States - No Outlines Minefield
5
The Countries of the World
6
Find the US States
7
US States
8
Find the Countries of Europe - No Outlines Minefield
More Literature Quizzes
Harry Potter Top 200
Published
Trending Quizzes
Colored Red Europe Blitz I
Colored Red Europe Blitz II
Colored Red Africa Blitz II
Colored Red Europe Blitz III
Colored Red Africa Blitz III
Recently Updated
How Do You Spell That?
pecheneg
Godzilla Movies
pecheneg
Grab Bag: 4-10 Letters
pecheneg
2024 March Madness Bracket
pecheneg
Famous TV Couples
Peacemaker
Champions League XIs: Real Madrid
pecheneg
Largest US Cities 1790-2010
pecheneg
Rides in Walt Disney World
pecheneg
Most Oscar Losses (Acting)
pecheneg
Beyoncé Albums
pecheneg
Trending Topics
Marvel
Anime
Kpop
Crossword
Disney
NBA
Harry Potter
Country
Song
Pokémon
Soccer
NFL
WWE
Puzzle
The Office
Your Account Isn't Verified!
In order to create a playlist on Sporcle, you need to verify the email address you used during registration. Go to your
Sporcle Settings
to finish the process.
Report this User
Report this user for behavior that violates our
Community Guidelines
.
Details:
Send Report
Go to the Sporcle.com Mobile Site →
Comments